00551nam a2200205 a 4500001001300000003000900013005001700022008004100039020001000080082001800090100002900108245003700137260003000174300000900204500003500213505002800248650002100276650001900297700002900316nice12345678IN_TiNIC20260116011339.0050524s1855 luca grp 000 0 per  ac10000a616.927bARZ1 aArzani H, Mohammad Akbar aNuskha-E-Sahihiya Taibb-E-Akbar. aLucknowbHind Pressc1855 a641p aincludes index and biblioraphy2 afour parts in two vols. aMedicine-Arabian aMedicine-Unani1 aArzani H, Mohammad Akbar